000 01243cam a22003377a 4500
003 CHAP
005 20220329141831.0
008 971126d197 mx r 00110 spa d
010 _a74537
011 _a75509
035 _a85073
040 _cCHAP
090 _aTesis
100 0 0 _aSalinas Ramos, José Antonio.
_9101691
245 1 0 _aDiferenciación tecnológica de los productores de tangerina (Citrus reticulata, Blanco) en la región de Martínez de la Torre, Veracruz
_c/por José Antonio Salinas Ramos
260 _aChapingo, Méx. :
_bEl autor,
_c1997.
300 _a93 h. :
_bgráfs. ; anexos
502 _aTesis (Lic. en Economía Agrícola) -- UACH. Departamento de Economía Agrícola
590 _aALEPH
_b10
_c20130110
_lUCH01
_h1419
590 _aBATCH-UPD
_b10
_c20130110
_lUCH01
_h0752
590 _aBATCH-UPD
_b10
_c20130410
_lUCH01
_h0432
590 _aBATCH-UPD
_b10
_c20130914
_lUCH01
_h1742
590 _aCONVERSION
_b10
_c20130109
_lUCH01
_h1341
650 1 4 _aMandarina
_xMercadeo.
_970336
650 1 4 _aMandarina
_xVeracruz.
_970341
901 _aBK
905 _aMayto Villalobos S.
942 _cFOLL
949 _bBC
_cTES
_d33724000637922
_eTS2
_fc.2
_h31826
_i85073
_si
949 _bBC
_cTES
_d850731
_eTS1
_h31825
_i85073
_sb
999 _c74537
_d74537